000 003280000a22001450004500
020 _a84-322-3805-8
041 0 _aSPA
082 0 4 _aG 864 P3481q
100 1 _aPaz, Octavio (1914-)
245 1 0 _aPuertas al campo / Octavio Paz
260 _aBarcelona, EspaƱa : Seix Barral
300 _a223 Pag
001 11157
942 _cBK
999 _c40523
_d40523